000
00297nam a22001337a 4500
008
170707b xxu||||| |||| 00| 0 eng d
020
_a
0852296339
041
_a
eng
080
_a
003
100
_a
23
101
_a
ENC
245
_a
THE NEW ENCYCLOPEDIA BRITANNICA
_c
SAFRA,J.E
942
_2
udc
_c
BK
999
_c
20091
_d
20091